00968cam a22002651 4500001001300000003000400013005001700017008004100034010001700075035002000092040002300112041001100135042001200146050002500158100002200183245020600205260006800411300002300479500004500502500004600547700002600593700003200619700003400651999001700685sa 67003164 DLC20260227112336.0890919s1963 ii 000 0 brao  asa 67003164  a(OCoLC)20366419 aDLCcWaUdNRUdDLC0 abrahin apremarc00aPK1967.9.D4bA6 19630 aDeva,d1673-1745?10aDeva-sudhā.bMahākavī Deva sē cāru cayana.cSaṇgrahakāra aura ṭīkākāra Mishrabandhu: Gaṇeśavihārī Mishra, Śyāmavihārī Mishra [tathā] Śukadevavihārī Mishra. aLakhanaū,bGaṅgā Pustakamālā Kāryālayac[1963/64] a20, 146 p.c19 cm. aAt head of title: Deva-sukavī-sudhā. aIn Braj; introd. and commentary in Hindi.1 aMisra, Ganesh Bihari.1 aMisra, Shyam Behari,d1865-1 aMisra, Sukhdeo Behari,d1879- c73668d73668